Géopolitique du tourisme (notice n° 1983590)

détails MARC
000 -LEADER
fixed length control field 01168cam a2200133 4500500
005 - DATE AND TIME OF LATEST TRANSACTION
control field 20260329043158.0
041 ## - LANGUAGE CODE
Language code of text/sound track or separate title fre
042 ## - AUTHENTICATION CODE
Authentication code dc
100 10 - MAIN ENTRY--PERSONAL NAME
Personal name Hoerner, Jean-Michel
Relator term author
245 00 - TITLE STATEMENT
Title Géopolitique du tourisme
260 ## - PUBLICATION, DISTRIBUTION, ETC.
Name of publisher, distributor, etc. Armand Colin,<br/>
Date of publication, distribution, etc. 2008.<br/>
520 ## - SUMMARY, ETC.
Summary, etc. Cet ouvrage montre combien le tourisme, devenu un plaisir banal associé au temps libre des populations aisées, participe à la géopolitique du monde. Pour le meilleur, comme facteur de développement et de rencontre des cultures, pour le pire parfois. Du moins de vrais problèmes se posent-ils, que l’auteur traite avec une acuité inédite. Le problème de ce qu’il appelle le colonisme, autrement dit l’invasion socio-économique du Sud par les touristes du Nord, qui suscite des «représailles» (jusqu’au terrorisme)&amp;#8239;; le poids démesuré du tourisme de masse, purement consumériste, et la consitution en ilôts des grandes stations touristiques, zones à part au sein des pays&amp;#8239;; le caractère équivoque du tourisme équitable, etc.
856 41 - ELECTRONIC LOCATION AND ACCESS
Uniform Resource Identifier <a href="https://shs.cairn.info/geopolitique-du-tourisme--9782200351038?lang=fr&redirect-ssocas=7080">https://shs.cairn.info/geopolitique-du-tourisme--9782200351038?lang=fr&redirect-ssocas=7080</a>

Pas d'exemplaire disponible.

PLUDOC

PLUDOC est la plateforme unique et centralisée de gestion des bibliothèques physiques et numériques de Guinée administré par le CEDUST. Elle est la plus grande base de données de ressources documentaires pour les Étudiants, Enseignants chercheurs et Chercheurs de Guinée.

Adresse

627 919 101/664 919 101

25 boulevard du commerce
Kaloum, Conakry, Guinée

Réseaux sociaux

Powered by Netsen Group @ 2025